| 000 | 00640nam a2200181 4500 | ||
|---|---|---|---|
| 001 | 149162 | ||
| 003 | ES-MaACL | ||
| 005 | 20230906202958.0 | ||
| 007 | t| | ||
| 008 | 070214s1970 sp r ||||1| spa d | ||
| 100 | 1 |
_aSzondi, L. _9108996 |
|
| 245 | 1 | 0 |
_aTratado del diagnóstico experimental de los instintos / _cL. Szondi ; traducción de la segunda edición alemana y prólogo por Federico Soto Yarritu. |
| 260 |
_aMadrid : _bBiblioteca Nueva, _c1970 ( _fEosgraf) |
||
| 300 |
_aXXXII, 462 p., 2, 5 lám. : _bil. ; _c25 cm. |
||
| 700 | 1 |
_aSoto Yarritu, Federico. _9220774 |
|
| 852 |
_aES-MaACL _jC-37842 _bR.73488 |
||
| 999 |
_c149162 _d149162 |
||